| 000 -LEADER |
| fixed length control field |
00623nam a22001817a 4500 |
| 005 - DATE AND TIME OF LATEST TRANSACTION |
| control field |
20240319125410.0 |
| 008 - FIXED-LENGTH DATA ELEMENTS--GENERAL INFORMATION |
| fixed length control field |
240319s1974 ru ||||| |||| 00| 0 rus d |
| 041 ## - LANGUAGE CODE |
| Language code of text/sound track or separate title |
rus |
| 080 ## - UNIVERSAL DECIMAL CLASSIFICATION NUMBER |
| Universal Decimal Classification number |
902 T-13 |
| 100 ## - MAIN ENTRY--PERSONAL NAME |
| Personal name |
Таврический, Херсонес |
| 9 (RLIN) |
21466 |
| 245 ## - TITLE STATEMENT |
| Title |
Pемесло и культура / |
| Statement of responsibility, etc. |
Херсонес Таврический. |
| 264 ## - PRODUCTION, PUBLICATION, DISTRIBUTION, MANUFACTURE, AND COPYRIGHT NOTICE |
| Place of production, publication, distribution, manufacture |
Киев : |
| Name of producer, publisher, distributor, manufacturer |
Наукова думка, |
| Date of production, publication, distribution, manufacture, or copyright notice |
1974. |
| 300 ## - PHYSICAL DESCRIPTION |
| Extent |
103 с.: |
| Other physical details |
ил.; |
| Dimensions |
22 см. |
| 653 ## - INDEX TERM--UNCONTROLLED |
| keyword |
ხელობა და კულტურა |
| 653 ## - INDEX TERM--UNCONTROLLED |
| keyword |
ისტორია |
| 653 ## - INDEX TERM--UNCONTROLLED |
| keyword |
კულტურა |
| 942 ## - ADDED ENTRY ELEMENTS (KOHA) |
| Source of classification or shelving scheme |
|
| Koha item type |
წიგნი |